000 00492nam a22001817a 4500
003 GBCCL
005 20251128125141.0
008 180514b ||||| |||| 00| 0 eng d
020 _a0840704593
040 _cgbc
082 _a220.5208
_bBIB
245 _aThe Promise:
_bGod's word in your words
260 _aNashville:
_bThomas Nelson Publishers,
_c1995
300 _a1473 p.;
_c21 cm.
650 _aBible, English
_911521
650 _aContemporary English Version
_911522
942 _2ddc
_cBK
999 _c6428
_d6428